000 00944nam a2200253Ia 4500
003 OSt
005 20220923211507.0
006 a|||||r|||| 00| 0
007 ta
008 220922b |||||||| |||| 00| 0 san d
020 _a9789352311804 (hbk)
_c200
024 _a328,555
037 _b1012, 25/01/2018, H.K. Prakashan
_cTextual
040 _aARTS
_cARTS
_bsan
041 _2san
_asan
082 _aO15,1D40,3, 153Q6
100 _aਗੌਤਮ, ਮਹੇF ਚੰਦਚ Fਰਮਾ, ਂਚ.
_9160625
245 0 _aਮੇਘਦੂਤਮ੍ਰ ਮਹਾਂਕਵੀ ਕਾਲਿਦਾਸ
260 _aੋਸਮਾਣਾ
_b ਸੰਗਮ ਪਬਲੀਕੇFਨਗ਼
_c2016
300 _a147ਪ0
_ccm.
650 _aਸੰਸਕ੍ਰਿਤ ਸਾਹਿਤ
942 _hO15,1D40,3, 153Q6
_cTEXL
_2CC
999 _c300114
_d300114